000 00462nam a2200193Ia 4500
003 OSt
005 20250820093652.0
008 250729s2005 xx 000 0 und d
020 _a978-8176488754
040 _cAL
041 _aeng
082 _a574.2 CHOF
100 _aChopra Punam
_9221590
245 _aFood and nutrition education
260 _aNew Delhi
_bA P H Publishing
_c2005
300 _a264p
650 _aScience
_9221591
942 _2ddc
_cBED
999 _c235083
_d235083